[Event "ch-UKR sf"]
[Site "Alushta UKR"]
[Date "2006.05.14"]
[Round "2"]
[White "Boginin,O"]
[Black "Aliferenko,A"]
[Result "1/2-1/2"]
[WhiteElo "2344"]
[BlackElo "2251"]

1.d4 Nf6 2.c4 e6 3.Nc3 Bb4 4.Nf3 O-O 5.Bg5 b6 6.e3 Bb7 7.Bd3 d6 8.Qc2 h6
9.Bh4 Nbd7 10.O-O Bxc3 11.Qxc3 Qe7 12.e4 e5 13.Rfe1 Rfe8 14.d5 a5 15.Bc2 Nf8
16.Ba4 Reb8 17.Nd2 Ng6 18.Bg3 Nh5 19.Nf1 Bc8 20.Ne3 Bd7 21.Nf5 Qd8 22.Bxd7 Qxd7
23.f3 Kh7 24.Bf2 Ne7 25.Qc2 Nxf5 26.exf5 g6 27.g4 Nf6 28.Bh4 Kg7 29.Rad1 gxf5
30.gxf5 Rg8 31.Kh1 Nh5 32.Rg1+ Kh7 33.Rg4 Rxg4 34.fxg4 Nf4 35.g5 hxg5 36.Bxg5 Rg8
37.Bxf4 exf4 38.Qe4 Rg5 39.Qxf4 Qxf5 40.Qxf5+ Rxf5 41.Kg2 Rf4 42.b3 Kg6 43.Re1 Rd4
44.Kf3 a4 45.Re7 axb3 46.axb3 Rd3+ 47.Ke4 Rxb3 48.Rxc7 b5 49.Rc6 bxc4 50.Rxd6+ f6
51.Rc6 Rh3 52.d6 Rd3  1/2-1/2

[Event "ch-UKR sf"]
[Site "Alushta UKR"]
[Date "2006.05.16"]
[Round "4"]
[White "Boginin,O"]
[Black "Muhtarov,L"]
[Result "1-0"]
[WhiteElo "2344"]
[BlackElo "2136"]

1.d4 Nf6 2.c4 e6 3.Nc3 Bb4 4.Nf3 c5 5.g3 cxd4 6.Nxd4 a6 7.Bg2 Qc7 8.O-O O-O
9.Bg5 Be7 10.e4 d6 11.Rc1 Nbd7 12.Qe2 Ne5 13.Rfd1 Re8 14.b3 h6 15.Bf4 Bd7
16.h3 Rac8 17.g4 Nexg4 18.hxg4 e5 19.Nf5 exf4 20.Qd2 Bxf5 21.exf5 Nxg4 22.Nd5 Qd8
23.Qxf4 Ne5 24.f6 Bf8 25.Bh3 Rc6 26.Rc3 Ng6 27.Qd4 b5 28.Rg3 bxc4 29.bxc4 Re5
30.f4 Rxd5 31.cxd5 Rc2 32.Bf5 Rxa2 33.Bxg6 fxg6 34.Rxg6 Qe8 35.Rg2 Rxg2+
36.Kxg2 Qg6+ 37.Kf2 Qc2+ 38.Rd2 Qf5 39.Qe3 Kf7 40.Re2 Qxf6 41.Qe8+ Kg8 42.Qe6+ Qf7
43.f5 Qxe6 44.dxe6 Be7 45.Rb2 Bh4+ 46.Kf3 Kf8 47.Rb8+ Ke7 48.Rb7+ Kf8 49.Kg4 Bf6
50.Kh5 d5 51.Kg6 d4 52.Rf7+ Ke8 53.Rxg7 Bxg7 54.Kxg7 Ke7 55.f6+ Kxe6 56.f7 Kd5
57.f8=Q Kc4 58.Qc8+ Kb5 59.Qb7+ Kc4 60.Qxa6+ Kc3 61.Qa1+ Kd3 62.Qd1+ Kc3
63.Kxh6  1-0

[Event "ch-St Petersburg w"]
[Site "St Petersburg RUS"]
[Date "2006.05.19"]
[Round "7"]
[White "Molchanova,T"]
[Black "Sudakova,I"]
[Result "1-0"]
[WhiteElo "2312"]
[BlackElo "2391"]

1.d4 Nf6 2.c4 e6 3.Nf3 Bb4+ 4.Nc3 c5 5.a3 Ba5 6.Bd2 d6 7.Nb5 Ne4 8.b4 a6
9.bxa5 axb5 10.cxb5 Nxd2 11.Qxd2 Qxa5 12.e3 b6 13.Be2 Bb7 14.Qxa5 Rxa5 15.Nd2 Bxg2
16.Rg1 Ba8 17.Nc4 Ra7 18.Nxd6+ Ke7 19.dxc5 bxc5 20.Nc4 Bd5 21.Nd2 Nd7 22.e4 Bb7
23.Rxg7 Kf6 24.Rg3 Rha8 25.Rc3 Nb6 26.Bd1 c4 27.f3 Ke5 28.Nxc4+ Nxc4 29.Rxc4 f5
30.Rc7 Bc8 31.Rxa7 Rxa7 32.a4 fxe4 33.a5 exf3 34.Bxf3 Rf7 35.Ra3 Kd6 36.Rc3 Bb7
37.Bxb7 Rxb7 38.b6 e5 39.Kd2 Kd7 40.Kc2 Kd6 41.Kb3 e4 42.Kb4 Re7 43.a6 e3
44.b7 Re4+ 45.Kb3 Re8 46.a7  1-0

[Event "Muresul Cup"]
[Site "Arad ROM"]
[Date "2006.05.20"]
[Round "1"]
[White "Shishkin,Va UKR"]
[Black "Berescu,A"]
[Result "0-1"]
[WhiteElo "2541"]
[BlackElo "2461"]

1.d4 Nf6 2.c4 e6 3.Nc3 Bb4 4.Nf3 b6 5.Qb3 c5 6.Bg5 Bb7 7.dxc5 Na6 8.e3 Bxc5
9.Be2 Be7 10.O-O Nc5 11.Qc2 Nce4 12.Nxe4 Bxe4 13.Bd3 Bxf3 14.gxf3 h6 15.Bh4 g5
16.Bg3 d6 17.Rfd1 Qc7 18.Rd2 h5 19.h3 g4 20.hxg4 hxg4 21.fxg4 Qc6 22.e4 Nxg4
23.Be2 Rg8 24.a4 Bh4 25.c5 Bxg3 26.Bb5 Bxf2+ 27.Rxf2 Qxb5 28.axb5 Ne3+ 29.Rg2 Rxg2+
30.Qxg2 Nxg2 31.cxb6 Ne3 32.bxa7 Kd7  0-1

[Event "Muresul Cup"]
[Site "Arad ROM"]
[Date "2006.05.22"]
[Round "3"]
[White "Shishkin,Va UKR"]
[Black "Ilincic,Z"]
[Result "1/2-1/2"]
[WhiteElo "2541"]
[BlackElo "2536"]

1.d4 Nf6 2.c4 e6 3.Nc3 Bb4 4.Nf3 b6 5.Bg5 Bb7 6.Nd2 h6 7.Bh4 c5 8.d5 exd5
9.cxd5 Qe7 10.Qc2 Bxc3 11.bxc3 Bxd5 12.O-O-O Be4 13.Nxe4 Qxe4 14.Bxf6 Qxc2+
15.Kxc2 gxf6 16.g3 Nc6 17.Bg2 Rd8 18.f4 Na5 19.Rd3 Ke7 20.Re3+ Kf8 21.Bd5 Re8
22.Rxe8+ Kxe8 23.Rd1 Ke7 24.Rd3 f5 25.Bg2 Nc4 26.Bh3 Re8 27.Kb3 Na5+ 28.Kc2 Kd8
29.Kd1 Nc4 30.Ke1 Ne3 31.Kd2 Ng4 32.Rd5 Nf6 33.Rxf5 Ne4+ 34.Kc1 Re7 35.c4 Nd6
36.Rf6 Nxc4 37.Bg4 Ne3 38.Bh5 Re6 39.Rxf7 Rd6 40.Rf8+ Kc7 41.Re8 Rd1+ 42.Kb2 Nc4+
43.Kc3 d5 44.e4 Rc1+ 45.Kd3 Nd6 46.Re7+ Kd8 47.Rxa7 Nxe4 48.Bf3 c4+ 49.Ke2 Rc2+
50.Ke3 Rxh2 51.Bxe4 dxe4 52.Kxe4 b5 53.Rb7 Rb2 54.Kd4 Kc8 55.Kc3 Rxa2 56.Rxb5 Ra3+
57.Kxc4 Rxg3 58.Kd4  1/2-1/2

[Event "Open"]
[Site "Chicago USA"]
[Date "2006.05.27"]
[Round "3"]
[White "Perelshteyn,E"]
[Black "Brooks,M"]
[Result "1-0"]
[WhiteElo "2526"]
[BlackElo "2490"]

1.d4 Nf6 2.c4 e6 3.Nc3 Bb4 4.Nf3 b6 5.Bg5 Bb7 6.Nd2 h6 7.Bh4 c5 8.d5 exd5
9.cxd5 O-O 10.e4 Re8 11.Be2 Ba6 12.Bxa6 Nxa6 13.O-O g5 14.Bg3 Bxc3 15.bxc3 Nxe4
16.Nxe4 Rxe4 17.Qd3 Ra4 18.f4 gxf4 19.Bxf4 Qf6 20.Rae1 d6 21.Qh3 Rd8 22.Bxh6 Qg6
23.Re7  1-0

[Event "37th Olympiad w"]
[Site "Turin ITA"]
[Date "2006.05.31"]
[Round "10"]
[White "Zhukova,N"]
[Black "Khurtsidze,N"]
[Result "1/2-1/2"]
[WhiteElo "2425"]
[BlackElo "2426"]

1.d4 Nf6 2.c4 e6 3.Nf3 Bb4+ 4.Nc3 c5 5.g3 Ne4 6.Qd3 cxd4 7.Nxd4 Qa5 8.Nb5 a6
9.Qxe4 axb5 10.Bd2 bxc4 11.Qxc4 O-O 12.Bg2 d5 13.Qd3 Nc6 14.O-O Ne5 15.Qc2 Nc4
16.Be1 Rd8 17.a3 Bd7 18.Rc1 Bxc3 19.Bxc3 Qb6 20.Bb4  1/2-1/2

[Event "37th Olympiad w"]
[Site "Turin ITA"]
[Date "2006.06.02"]
[Round "11"]
[White "Lomineishvili,M"]
[Black "Kosintseva,N"]
[Result "1/2-1/2"]
[WhiteElo "2395"]
[BlackElo "2469"]

1.d4 Nf6 2.c4 e6 3.Nc3 Bb4 4.Nf3 c5 5.g3 Ne4 6.Qd3 Qa5 7.Qxe4 Bxc3+ 8.Bd2 Bxd2+
9.Nxd2 Nc6 10.dxc5 b6 11.Bg2 O-O 12.Qe3 Bb7 13.O-O Qxc5 14.Qxc5 bxc5 15.Ne4 Ne5
16.b3 Bxe4 17.Bxe4 Rad8 18.Rfd1 d6 19.Rd2 f5 20.Bg2 Kf7 21.f4 Ng4 22.e4 fxe4
23.Bxe4 h6 24.Re1 g5 25.Bf3 Nf6 26.Rde2 Rfe8 27.Bc6 Re7 28.Rd1 gxf4 29.gxf4 Nh5
30.Red2 Nxf4 31.Rxd6 Rxd6 32.Rxd6 Kf6 33.Kf2 Ke5 34.Rd8 Nh5 35.Ke3 Nf6 36.Bf3 Re8
37.Rd1 Rb8 38.Rg1 Rg8 39.Re1 Rd8 40.Rb1 a5 41.Re1 Rf8 42.Re2 Rd8 43.Re1 Rf8
44.Bd1 Re8 45.Bc2 Rg8 46.Kf3+ Kd6 47.Rd1+ Ke5 48.Re1+ Kd6 49.Rd1+ Ke7 50.Re1 Kd6  1/2-1/2

[Event "FSGM June"]
[Site "Budapest HUN"]
[Date "2006.06.06"]
[Round "3"]
[White "Seres,L"]
[Black "Cornette,M"]
[Result "1/2-1/2"]
[WhiteElo "2400"]
[BlackElo "2448"]

1.d4 Nf6 2.c4 e6 3.Nc3 Bb4 4.Nf3 c5 5.g3 cxd4 6.Nxd4 O-O 7.Bg2 d5 8.Qb3 Bxc3+
9.bxc3 e5 10.Nb5 dxc4 11.Qa3 Nc6 12.Be3 a6 13.Rd1 Bd7 14.Nd6 Qc7 15.Nxc4 Be6
16.Bb6 Qb8 17.Nd6 Nd7 18.Rb1 Bxa2 19.Rb2 Nxb6 20.Rxb6 Rd8 21.Nxb7 Bd5 22.e4 Bc4
23.Qc5 Rd7 24.Qxc4 Na5 25.Qa2 Rxb7 26.Rxb7 Nxb7  1/2-1/2

[Event "2nd Open"]
[Site "San Marino SMR"]
[Date "2006.06.11"]
[Round "9"]
[White "Lagrotteria,S"]
[Black "Omeri,S"]
[Result "1-0"]
[WhiteElo "2176"]
[BlackElo "2105"]

1.d4 Nf6 2.c4 e6 3.Nc3 Bb4 4.Nf3 Ne4 5.Qc2 f5 6.g3 c5 7.Bg2 Qa5 8.Bd2 Bxc3
9.Bxc3 Nxc3 10.bxc3 cxd4 11.Nxd4 Nc6 12.O-O Qc5 13.Rab1 O-O 14.Rfd1 Qxc4
15.Nxf5 Qc5 16.Nd4 Nxd4 17.Rxd4 d5 18.e3 b6 19.Rh4 g6 20.c4 Bb7 21.Qc3 Rf5
22.Qd4 Qe7 23.cxd5 exd5 24.Rf4 Raf8 25.a4 Qe6 26.a5 g5 27.Rxf5 Qxf5 28.Rb2 Rc8
29.h3 Rc4 30.Qd2 Qe6 31.Kh2 h5 32.axb6 axb6 33.Rb5 Rc5 34.Rb4 b5 35.h4 g4
36.Rf4 Rc4 37.Rd4 Rxd4 38.Qxd4 Kf7 39.Qd3  1-0

[Event "Masters"]
[Site "Las Vegas USA"]
[Date "2006.06.12"]
[Round "5"]
[White "Perelshteyn,E"]
[Black "Roussel Roozmon,T"]
[Result "0-1"]
[WhiteElo "2526"]
[BlackElo "2419"]

1.d4 Nf6 2.c4 e6 3.Nc3 Bb4 4.Nf3 c5 5.g3 cxd4 6.Nxd4 Ne4 7.Qd3 Bxc3+ 8.bxc3 Nc5
9.Qf3 d6 10.Bg2 O-O 11.O-O Bd7 12.Rd1 Nc6 13.Nb5 Ne5 14.Qf4 Bxb5 15.cxb5 Rc8
16.Ba3 Qc7 17.Qd4 Rfd8 18.h3 b6 19.f4 Ng6 20.c4 e5 21.Qf2 exf4 22.gxf4 d5
23.Bxc5 bxc5 24.e3 d4 25.exd4 cxd4 26.Rxd4 Rxd4 27.Qxd4 Nxf4 28.Bf1 Rd8 29.Qe3 h6
30.Re1 Rd6 31.Qe5 Ne6 32.Bg2 Qb6+ 33.Qe3 Rd4 34.Kh1 Ng5 35.a4 Ne6 36.Bd5 Nc7
37.Qe7 Nxd5 38.cxd5 Qg6 39.Qxa7 Qd3 40.Qb8+ Kh7 41.Qh2 Rh4 42.Kg1 Rxh3 43.Qf4 f5
44.d6 Rf3 45.Qh4 Qxd6 46.Kg2 Rf4  0-1

[Event "National Open"]
[Site "Las Vegas USA"]
[Date "2006.06.16"]
[Round "2"]
[White "Ehlvest,J"]
[Black "Browne,W"]
[Result "1-0"]
[WhiteElo "2607"]
[BlackElo "2434"]

1.d4 Nf6 2.c4 e6 3.Nc3 Bb4 4.Nf3 b6 5.Bg5 Bb7 6.Qb3 a5 7.e3 h6 8.Bh4 g5 9.Bg3 Ne4
10.Bd3 Bxc3+ 11.bxc3 d6 12.Qc2 Nxg3 13.hxg3 Nd7 14.Be4 Bxe4 15.Qxe4 Nf6 16.Qd3 Ng4
17.e4 Qe7 18.Nd2 h5 19.Rb1 Rd8 20.Rb5 d5 21.cxd5 exd5 22.e5 h4 23.Nf3 f6
24.gxh4 fxe5 25.Qg6+ Qf7 26.Qxf7+ Kxf7 27.Nxg5+ Ke7 28.Rb2 Rdg8 29.Rh3 e4
30.Re2 Kd7 31.f3 exf3 32.Nxf3 Kd6 33.Ng5 Rg7 34.Kd2 Rh6 35.Nf3 Nf6 36.Ne5 Ne4+
37.Kc2 Rf6 38.g4 Nf2 39.Rg3 Ne4 40.Rgg2 Rf1 41.g5 Rh1 42.Rh2 Rg1 43.Reg2 Re1
44.h5  1-0

[Event "Open A"]
[Site "Balatonlelle HUN"]
[Date "2006.06.18"]
[Round "2"]
[White "Czebe,A"]
[Black "Eperjesi,L"]
[Result "1-0"]
[WhiteElo "2505"]
[BlackElo "2268"]

1.d4 Nf6 2.c4 e6 3.Nc3 Bb4 4.Nf3 c5 5.d5 Ne4 6.Qc2 f5 7.Bd2 Nxd2 8.Nxd2 O-O
9.a3 Ba5 10.Nb3 Na6 11.Nxa5 Qxa5 12.dxe6 dxe6 13.O-O-O Nc7 14.f4 b5 15.cxb5 Bb7
16.e3 Rad8 17.Rxd8 Rxd8 18.Bc4 Nd5 19.Bxd5 exd5 20.Qxf5 d4 21.exd4 cxd4 22.Na2 Bxg2
23.Rd1 Bd5 24.Nb4 Qxb5 25.Nc2 Rf8 26.Qe5 d3 27.Ne3 Qc6+ 28.Kd2 Bf3 29.Rc1 Qh6
30.f5 Kh8 31.Rc7 Be4 32.Rf7 Rc8 33.Rc7 Rg8 34.Re7 Bf3 35.Re8 Bd5 36.Rxg8+ Bxg8
37.Kxd3 Qa6+ 38.Kd2 h6 39.Ke1 Qa4 40.Kd2 Qd7+ 41.Ke2 Bf7 42.f6 g5 43.Qe7 Bh5+
44.Ke1 Qxe7 45.fxe7 Kg7 46.Nf5+ Kf6 47.Nxh6 Kxe7 48.Nf5+ Kf6 49.Ng3 Bg6 50.Kd2 Ke5
51.Ke3 Bc2 52.Ne2 Be4 53.b4 Bc6 54.Nd4 Bd7 55.Nf3+ Kd5 56.Nxg5 Kc4 57.Ne4 Bh3
58.Nd2+ Kc3 59.b5 Bd7 60.Ne4+ Kb2 61.h4  1-0

[Event "National Open"]
[Site "Las Vegas USA"]
[Date "2006.06.18"]
[Round "6"]
[White "Kacheishvili,G"]
[Black "Akopyan,H"]
[Result "1-0"]
[WhiteElo "2605"]
[BlackElo "2294"]

1.d4 Nf6 2.c4 e6 3.Nc3 Bb4 4.Nf3 d5 5.cxd5 exd5 6.Bg5 O-O 7.e3 h6 8.Bh4 b6
9.Bd3 a5 10.O-O Bxc3 11.bxc3 Ba6 12.Bxa6 Rxa6 13.Qd3 Qd6 14.c4 Ne4 15.Rfc1 Ra7
16.Ne5 f6 17.cxd5 Qxd5 18.Qc4 Qxc4 19.Nxc4 b5 20.Nb2 Na6 21.f3 Nd6 22.e4 Kf7
23.Kf1 Ke6 24.a4 b4 25.Rc6 Kd7 26.Rac1 Nf7 27.Bg3 Nd8 28.R6c4 f5 29.Ke2 Re8
30.Kd3 fxe4+ 31.fxe4 c5 32.d5 Nf7 33.Rf1 Nd6 34.Bxd6 Kxd6 35.Rcc1 b3 36.Nc4+ Kd7
37.e5 Nb4+ 38.Ke4 Na2 39.Rf7+ Re7 40.e6+ Kd8 41.Rcf1  1-0

[Event "Open A"]
[Site "Voronezh RUS"]
[Date "2006.06.19"]
[Round "7"]
[White "Citak,S"]
[Black "Golovin,Leo"]
[Result "0-1"]
[WhiteElo "2258"]
[BlackElo "2418"]

1.d4 Nf6 2.c4 e6 3.Nc3 Bb4 4.Nf3 O-O 5.Bg5 h6 6.Bh4 b6 7.e4 g5 8.Nxg5 hxg5
9.Bxg5 Be7 10.Bh6 Kh8 11.e5 Nh7 12.Bxf8 Qxf8 13.Qh5 Qg7 14.Bd3 Nc6 15.Ne2 Bb4+
16.Kd1 Bf8 17.h4 Nd8 18.Rh3 Qh6 19.Qxh6 Bxh6 20.g4 d6 21.Be4 Rb8 22.Kc2 f5
23.Bf3 dxe5 24.dxe5 Nf8 25.gxf5 exf5 26.Rg3 f4 27.Rg2 Bh3 28.Rgg1 Nf7 29.Be4 Nxe5
30.b3 Ne6 31.Rad1 Nc5 32.Bh1 Bf5+ 33.Kc3 Bg4 34.f3 Bxf3 35.Rgf1  0-1

[Event "Aerosvit GM"]
[Site "Foros UKR"]
[Date "2006.06.20"]
[Round "4"]
[White "Harikrishna,P"]
[Black "Grischuk,A"]
[Result "0-1"]
[WhiteElo "2680"]
[BlackElo "2719"]

1.d4 Nf6 2.c4 e6 3.Nc3 Bb4 4.Nf3 O-O 5.g3 b6 6.Bg2 Bb7 7.O-O Bxc3 8.bxc3 d6
9.Re1 h6 10.Bf1 Re8 11.a4 a5 12.Nh4 e5 13.dxe5 dxe5 14.Qxd8 Rxd8 15.Ba3 Nbd7
16.Nf5 g6 17.Ne3 Nc5 18.Bg2 e4 19.h4 h5 20.Bxc5 bxc5 21.Reb1 Bc6 22.Kf1 Rdb8
23.Rxb8+ Rxb8 24.Ke1 Kf8 25.Kd1 Rb2 26.Bh3 Ke7 27.Nc2 Ne8 28.Kc1 Rb3 29.Bf1 Rxc3
30.e3 Rb3 31.Na3 Rb4 32.Nb5 Bxb5 33.cxb5 Nf6 34.Be2 Nd5 35.Ra3 Kd6 36.Bd1 c4
37.Bc2 f5 38.Bd1 Kc5 39.Bc2 c6 40.bxc6 Kxc6 41.f3 Nf6 42.fxe4 fxe4 43.Kd2 Kd6
44.Ra1 Ke5 45.Rf1 Nd5 46.Rf8 c3+ 47.Kc1 Nxe3 48.Re8+ Kd5 49.Rd8+ Ke6 50.Ra8 Nxc2
51.Ra6+ Kf7 52.Ra7+ Kf6  0-1

[Event "Open A"]
[Site "Balatonlelle HUN"]
[Date "2006.06.21"]
[Round "5"]
[White "Kincs,I"]
[Black "Rezsek,G"]
[Result "1/2-1/2"]
[WhiteElo "2247"]
[BlackElo "2118"]

1.d4 Nf6 2.c4 e6 3.Nc3 Bb4 4.Nf3 O-O 5.Bg5 h6 6.Bxf6 Qxf6 7.e4 Bxc3+ 8.bxc3 d6
9.e5 Qd8 10.Bd3 Nd7 11.Qe2 dxe5 12.dxe5 Nc5 13.Bc2 b6 14.Rd1 Qe7 15.O-O Bb7
16.Nd4 g6 17.g3 a6 18.h4 Rad8 19.Kh2 h5 20.Rd2 Rd7 21.Qe3 Kg7 22.Rfd1 Rfd8
23.f4 Kh7 24.Kh3 Kg7 25.Rg1 Rh8 26.g4 hxg4+ 27.Rxg4 Kf8 28.Rh2 Ke8 29.Kg3 Kd8
30.Rg5 Kc8 31.h5 Rdd8 32.hxg6 Rxh2 33.Kxh2 Rh8+ 34.Kg3 fxg6 35.Bxg6 Qg7 36.Ne2 Qh6
37.Kf2 Qh1 38.Rg1 Qh2+ 39.Ke1 Rh3 40.Qf2 Bf3 41.Qxh2 Rxh2 42.Nd4 Bb7 43.Bc2 Rh1
44.Rxh1 Bxh1 45.f5 exf5 46.Bxf5+ Kd8 47.Kf2 Nd3+ 48.Ke3  1/2-1/2

[Event "Open A"]
[Site "Balatonlelle HUN"]
[Date "2006.06.24"]
[Round "8"]
[White "Pinter,J"]
[Black "Berczes,C"]
[Result "0-1"]
[WhiteElo "2532"]
[BlackElo "2395"]

1.d4 Nf6 2.c4 e6 3.Nc3 Bb4 4.Nf3 O-O 5.Bg5 d5 6.e3 c5 7.cxd5 exd5 8.Bd3 h6
9.Bh4 c4 10.Bc2 Nbd7 11.O-O Qa5 12.Ne2 Re8 13.a3 Be7 14.Nc3 Nf8 15.Ne5 N6d7
16.Bg3 Nxe5 17.Bxe5 Nd7 18.Bf4 Nf6 19.Qd2 b5 20.Rad1 Qb6 21.Bb1 a5 22.Qc2 Bb7
23.Be5 g6 24.f3 Nd7 25.Bf4 b4 26.axb4 axb4 27.Ne2 Bf8 28.h4 Nf6 29.Ng3 Bc6
30.Qf2 Ba4 31.Rc1 Rac8 32.h5 g5 33.Be5 c3 34.Bf5 Bd7 35.Bxf6 Bxf5 36.Nxf5 Qxf6
37.g4 Qb6 38.b3 Ra8 39.Qc2 Ra3 40.Rf2 Rea8 41.f4 Qa6  0-1

[Event "Midnight Sun"]
[Site "Tromso NOR"]
[Date "2006.06.25"]
[Round "2"]
[White "Johnsen,G"]
[Black "Bergvoll,M"]
[Result "1/2-1/2"]
[WhiteElo "2215"]
[BlackElo "2024"]

1.d4 Nf6 2.c4 e6 3.Nc3 Bb4 4.Nf3 O-O 5.Bg5 b6 6.Nd2 Bxc3 7.bxc3 Bb7 8.e4 Qc8
9.Bxf6 gxf6 10.Bd3 d6 11.O-O Nd7 12.f4 Kh8 13.Qh5 Qe8 14.Nf3 Rg8 15.Rae1 Rg7
16.Nh4 Qe7 17.Rf2 Rag8 18.h3 Rg3 19.Rf3 Nf8 20.Ree3 R3g7 21.f5 e5 22.d5  1/2-1/2

[Event "ch-CHN"]
[Site "Wuxi CHN"]
[Date "2006.06.25"]
[Round "1"]
[White "Wang Yue"]
[Black "Liang Chong"]
[Result "1-0"]
[WhiteElo "2598"]
[BlackElo "2514"]

1.d4 Nf6 2.c4 e6 3.Nc3 Bb4 4.Nf3 b6 5.Bg5 Bb7 6.Nd2 h6 7.Bh4 Nc6 8.e3 Be7
9.Be2 O-O 10.O-O Nh7 11.Bg3 Bh4 12.d5 Nb8 13.Bxh4 Qxh4 14.g3 Qd8 15.Bf3 Qc8
16.b4 d6 17.Nb3 Nd7 18.Bg2 Ne5 19.Qe2 Ba6 20.Nb5 Qd7 21.N3d4 exd5 22.cxd5 Rfe8
23.Rfc1 Nf6 24.Rxc7 Qxc7 25.Nxc7 Bxe2 26.Nxe2 a5 27.Nxe8 Nxe8 28.bxa5 Rxa5
29.Nc3 Ra3 30.Nb5 Ra5 31.Bf1 Nf3+ 32.Kg2 Nd2 33.a4 Nb3 34.Rb1 Nd2 35.Rb4 Nf6
36.Bd3 Kf8 37.e4  1-0

[Event "NYC Mayor's Cup"]
[Site "New York USA"]
[Date "2006.06.26"]
[Round "8"]
[White "Onischuk,Al"]
[Black "Gulko,B"]
[Result "1/2-1/2"]
[WhiteElo "2650"]
[BlackElo "2585"]

1.d4 Nf6 2.c4 e6 3.Nc3 Bb4 4.Nf3 b6 5.Bg5 Bb7 6.Nd2 h6 7.Bh4 c5 8.d5 Qe7
9.Qc2 Bxc3 10.Qxc3 exd5 11.cxd5 Bxd5 12.e4 Nc6 13.O-O-O Nb4 14.Bc4 Bxc4 15.Qxc4 O-O
16.Kb1 Qe6 17.a3 Nc6 18.Rhe1 Rfe8 19.f3 d5 20.exd5 Qxd5 21.Bxf6 Qxc4 22.Nxc4 gxf6
23.Nd6 Rxe1 24.Rxe1 Rd8 25.Nf5 h5 26.g4 hxg4 27.fxg4 Nd4 28.Ng3 Nf3 29.Re2 Kg7
30.Nh5+ Kg6 31.Rf2 Ne5 32.Rxf6+ Kh7 33.h3 Rd2 34.Kc1 Rh2 35.Nf4 Kg7 36.Rf5 Ng6
37.Nh5+ Kf8 38.Rf3 c4 39.Re3 b5 40.b3 cxb3 41.Rxb3 a6 42.Re3 a5 43.Rb3 b4
44.axb4 axb4 45.Rxb4  1/2-1/2

[Event "White Nights Open"]
[Site "St Petersburg RUS"]
[Date "2006.06.29"]
[Round "7"]
[White "Andreev,Ko"]
[Black "Kostyuchenko,V"]
[Result "0-1"]
[WhiteElo "2322"]
[BlackElo "2138"]

1.d4 Nf6 2.c4 e6 3.Nc3 Bb4 4.Nf3 c5 5.g3 Nc6 6.Bg2 d5 7.cxd5 Nxd5 8.Bd2 cxd4
9.Nxd4 Nxd4 10.Nxd5 Bxd2+ 11.Qxd2 e5 12.O-O Be6 13.e4 O-O 14.f4 f6 15.Rac1 Qd6
16.Kh1 Rac8 17.Qa5 a6 18.b3 b5 19.f5 Bxd5 20.exd5 Rfe8 21.Be4 Kf8 22.Rc3 Rxc3
23.Qxc3 Rd8 24.b4 Rd7 25.Kg2 Rc7 26.Qb2 Rc4 27.a3 Ke7 28.h4 Qc7 29.Rd1 Kd6
30.Kh3 Rc3 31.h5 h6 32.Bd3 Rb3 33.Qa1 Qf7 34.Qc1 Qxh5+ 35.Kg2 Qf3+ 36.Kh3 Qxd5
37.Qc8 Ke7 38.Qxa6 Rxd3 39.Qa7+ Ke8 40.Rc1 Rxg3+ 41.Kxg3 Qf3+ 42.Kh2 Qf4+
43.Kg2 Qg5+ 44.Kh2 Qxc1 45.Qa8+ Kd7 46.Qd5+ Kc7 47.Qf7+ Kb6 48.Qxg7 Qc2+
49.Kh1 Qe4+ 50.Kg1 Qe1+ 51.Kg2 Qe2+ 52.Kh3 Qh5+  0-1

[Event "34th World Open"]
[Site "Philadelphia USA"]
[Date "2006.07.01"]
[Round "4"]
[White "Milov,V"]
[Black "Sandipan,C"]
[Result "1-0"]
[WhiteElo "2625"]
[BlackElo "2546"]

1.d4 Nf6 2.c4 e6 3.Nc3 Bb4 4.Nf3 c5 5.g3 b6 6.Bg2 Bb7 7.O-O cxd4 8.Qxd4 Nc6
9.Qd3 Rc8 10.b3 O-O 11.Bb2 d5 12.cxd5 Bxc3 13.Qxc3 Ne7 14.Qe5 Qxd5 15.Ba3 Rfe8
16.Rfd1 Qxe5 17.Nxe5 Bxg2 18.Kxg2 Rc2 19.Bxe7 Rxe7 20.Kf3 g5 21.a4 Rec7 22.g4 R7c3+
23.Rd3 Rxd3+ 24.Nxd3 Rc3 25.b4 e5 26.Kg2 Nxg4 27.b5 Rc4 28.a5 e4 29.axb6 axb6
30.Nb2 Rb4 31.Na4 Rxb5 32.Nc3 Re5 33.Rb1 Re6 34.Nd5 e3 35.f4 gxf4 36.Kf3 Nxh2+
37.Kxf4 h5 38.Rh1 Ng4 39.Rxh5 Nf6 40.Rg5+ Kf8 41.Nxe3 Ne8 42.Rh5 Nd6 43.Nd5 b5
44.e3 Kg7 45.Rh1 f5 46.Ra1 Re4+ 47.Kf3 Re5 48.Nb4 Nc4 49.Nc2 Kf6 50.Ra8 Rc5
51.Nd4 Re5 52.Ra6+ Kg5 53.Ne6+ Kh4 54.Kf4 b4 55.Ng5 Kh5 56.Nf7  1-0

[Event "FINEC Rector Cup"]
[Site "St Petersburg RUS"]
[Date "2006.07.02"]
[Round "7"]
[White "Brodsky,M"]
[Black "Biriukov,O"]
[Result "1-0"]
[WhiteElo "2561"]
[BlackElo "2404"]

1.d4 Nf6 2.c4 e6 3.Nc3 Bb4 4.Nf3 c5 5.g3 cxd4 6.Nxd4 O-O 7.Bg2 d5 8.cxd5 Nxd5
9.Qb3 Na6 10.O-O Nxc3 11.bxc3 Be7 12.Rd1 Nc5 13.Qc2 Bd7 14.Ba3 Ba4 15.Nb3 Qc7
16.Rd4 Rac8 17.Qb2 b5 18.Bb4 Nb7 19.Qa3 Bxb4 20.cxb4 Nd6 21.Rc1 Qb6 22.Nc5 Rc7
23.Qd3 Rd8 24.Rc3 h6 25.Qd2 e5 26.Rd5 Rc6 27.Rcd3 Kh7 28.Rc3 g6 29.Qc1 Rcc8
30.Rxe5 Ne4 31.Nxe4  1-0

[Event "Open"]
[Site "Marseille FRA"]
[Date "2006.07.03"]
[Round "4"]
[White "Marzolo,C"]
[Black "Kosten,A"]
[Result "1/2-1/2"]
[WhiteElo "2414"]
[BlackElo "2504"]

1.d4 Nf6 2.c4 e6 3.Nc3 Bb4 4.Nf3 O-O 5.Bg5 c5 6.Qc1 h6 7.Bh4 cxd4 8.Nxd4 Nc6
9.e3 Ne5 10.a3 Be7 11.Bg3 d6 12.Be2 Bd7 13.O-O  1/2-1/2

[Event "ch-BEL"]
[Site "Namur BEL"]
[Date "2006.07.03"]
[Round "3"]
[White "Vandevoort,P"]
[Black "Saiboulatov,D"]
[Result "1/2-1/2"]
[WhiteElo "2412"]
[BlackElo "2413"]

1.d4 e6 2.Nf3 Nf6 3.c4 Bb4+ 4.Nc3 b6 5.Bg5 h6 6.Bxf6 Qxf6 7.e4 Bxc3+ 8.bxc3 Nc6
9.e5 Qe7 10.Bd3 Ba6 11.O-O Na5 12.Qe2 Qa3  1/2-1/2

[Event "ch-CHN"]
[Site "Wuxi CHN"]
[Date "2006.07.03"]
[Round "8"]
[White "Wang Yue"]
[Black "Xu Jun"]
[Result "1/2-1/2"]
[WhiteElo "2598"]
[BlackElo "2591"]

1.d4 Nf6 2.c4 e6 3.Nc3 Bb4 4.Nf3 c5 5.g3 cxd4 6.Nxd4 O-O 7.Bg2 d5 8.cxd5 Nxd5
9.Qb3 Qb6 10.Bxd5 exd5 11.Be3 Bh3 12.Rc1 Bxc3+ 13.Rxc3 Nd7 14.Qxb6 axb6 15.a3 Ne5
16.f3 Be6 17.Kf2 Nc4 18.Rb3 Bd7 19.Rb4 Ra6 20.Rc1 Rc8 21.Bf4 f6 22.h4 Rc5
23.Nb3 Rc8 24.Nd4 Rc5 25.a4 Na5 26.Rxb6 Rxc1 27.Rxa6 bxa6 28.Bxc1 Bxa4 29.Bf4 Nb3
30.Be3 Nxd4 31.Bxd4  1/2-1/2

[Event "35th TCh-GRE"]
[Site "Ermioni GRE"]
[Date "2006.07.04"]
[Round "2"]
[White "Gelashvili,T"]
[Black "Gustafsson,J"]
[Result "1/2-1/2"]
[WhiteElo "2575"]
[BlackElo "2589"]

1.d4 Nf6 2.c4 e6 3.Nc3 Bb4 4.Nf3 c5 5.g3 cxd4 6.Nxd4 Ne4 7.Qd3 Bxc3+ 8.bxc3 Nc5
9.Qf3 d6 10.Bg2 O-O 11.O-O e5 12.Nb3 Nba6 13.Ba3 Qc7 14.Nxc5 Nxc5 15.Bxc5 Qxc5
16.Qd5 Qxd5 17.Bxd5 Rb8 18.a4 Be6 19.Rfd1 Rfd8 20.a5 Rbc8 21.Rab1 Bxd5 22.Rxd5 Rd7
23.Rbd1 Rxc4 24.Rxd6 Rxd6 25.Rxd6 g6 26.Rd5 e4 27.Rb5 Ra4 28.g4 e3 29.h3 a6
30.Rxb7 Rxa5 31.fxe3 Rc5 32.Rb3 h5 33.Kf2 hxg4 34.hxg4 Rc4 35.Kf3 Kg7 36.e4 Kf6
37.Kf4 g5+ 38.Kf3 Ra4 39.Rb6+ Ke5 40.Rc6 Rxe4 41.Rxa6 Rf4+ 42.Kg3 Rc4 43.Ra5+ Kf6
44.Rf5+ Kg6 45.Rf3 Re4 46.e3  1/2-1/2

[Event "34th World Open"]
[Site "Philadelphia USA"]
[Date "2006.07.04"]
[Round "9"]
[White "Stocek,J"]
[Black "Jussupow,Ar"]
[Result "1/2-1/2"]
[WhiteElo "2565"]
[BlackElo "2608"]

1.d4 Nf6 2.c4 e6 3.Nc3 Bb4 4.Nf3 d6 5.Bg5 Nbd7 6.e3 b6 7.Bd3 Bb7 8.O-O Bxc3
9.bxc3 h6 10.Bh4 Qe7 11.Nd2 g5 12.Bg3 h5 13.h4 Rg8 14.f3 O-O-O 15.hxg5 Rxg5
16.Bh4 Rg7 17.Rf2 Rdg8 18.Qe2 Qf8 19.a4 a5 20.Rb1 Kb8 21.e4 Rg6 22.Nb3 Ng4
23.fxg4 Rxg4 24.Nxa5 bxa5 25.c5 dxc5 26.Ba6 Nb6 27.Bxb7 Kxb7 28.Bf6 h4 29.Be5 h3
30.g3 Rxg3+ 31.Bxg3 Rxg3+ 32.Kh1 Rxc3 33.e5 cxd4 34.Qe4+ Ka6 35.Qxd4 Qa8+
36.Kh2 Qc6 37.Rbb2 Nxa4 38.Ra2 Nb6 39.Rxf7 Rc1 40.Qd3+ Kb7 41.Rf3 a4 42.Kxh3 Rc4
43.Rb2 Qc5 44.Rg3 Ka7 45.Qe3 Qc6 46.Qf3 Nd5 47.Qf2+ Ka6 48.Qf1 Ka7 49.Qf2+ Nb6
50.Qf3 Qd7 51.Qd3 Rd4 52.Qc2 Qd8 53.Qc6 Qh8+ 54.Kg2 Qxe5 55.Rc2 Rd7 56.Rg4 Qd5+
57.Kg3 Qb3+ 58.Rc3 Qd1 59.Qxe6 Qg1+ 60.Kf3 Rf7+ 61.Ke4 Qb1+ 62.Kd4 Qb4+ 63.Rc4 Rd7+
64.Ke5 Qb5+ 65.Kf6 Nxc4 66.Rxc4 Qb2+ 67.Kg6 Qg7+ 68.Kf5 Qh7+ 69.Kf4 Qh2+
70.Ke3 Qg3+ 71.Ke4 Qd3+ 72.Ke5 Qe3+ 73.Kf5 Qf3+ 74.Ke5 Qh5+ 75.Ke4 Qe2+ 76.Kf5 Qd3+
77.Kf4 Rd4+ 78.Rxd4 Qxd4+ 79.Kf5 a3 80.Qb3 Qc5+ 81.Ke4 Ka6 82.Qa4+ Kb6 83.Qb3+ Ka5  1/2-1/2

[Event "ch-CHN"]
[Site "Wuxi CHN"]
[Date "2006.07.04"]
[Round "10"]
[White "Zhao Jun"]
[Black "Xu Jun"]
[Result "1-0"]
[WhiteElo "2525"]
[BlackElo "2591"]

1.d4 Nf6 2.c4 e6 3.Nc3 Bb4 4.Nf3 c5 5.g3 cxd4 6.Nxd4 O-O 7.Bg2 d5 8.cxd5 Nxd5
9.Qb3 Qb6 10.Bxd5 exd5 11.Be3 Bh3 12.Rc1 Nd7 13.a3 Bxc3+ 14.Rxc3 Rfc8 15.Qxb6 Nxb6
16.Rxc8+ Rxc8 17.b3 Nd7 18.f3 Be6 19.Kd2 a6 20.Bf4 Kf8 21.Bd6+ Ke8 22.g4 Nb8
23.Be5 g6 24.Bxb8 Rxb8 25.h4 Ke7 26.Rc1 Kd6 27.a4 Bd7 28.a5 f6 29.g5 h6 30.gxf6 Rf8
31.e3 Rxf6 32.Rg1 Be8 33.f4 Bd7 34.Kc3 Bc8 35.b4 Bd7 36.Nf3 Bf5 37.Kd4 Rf8
38.Rc1 Be4 39.Ne5 g5 40.hxg5 hxg5 41.fxg5 Rf2 42.Rd1 Rc2 43.Nf7+ Ke7 44.Rf1 Bg2
45.Rf6 Rc4+ 46.Kd3 Be4+ 47.Kd2 Rxb4 48.Nd6 Rb3 49.Rh6  1-0

[Event "II Balazs-Diak Cup U-18"]
[Site "Balatonlelle HUN"]
[Date "2006.07.05"]
[Round "5"]
[White "Banusz,T"]
[Black "Szabo,Kr1"]
[Result "1/2-1/2"]
[WhiteElo "2460"]
[BlackElo "2469"]

1.d4 Nf6 2.c4 e6 3.Nc3 Bb4 4.Nf3 b6 5.Bg5 Bb7 6.Nd2 h6 7.Bh4 Be7 8.e4 Nxe4
9.Bxe7 Nxc3 10.Bxd8 Nxd1 11.Bxc7 Nxb2 12.a4 d5 13.cxd5 exd5 14.Rb1 Nc4 15.Nxc4 dxc4
16.Bxc4 Kd7 17.Bg3 Bxg2 18.Rg1 Be4 19.Rc1 Nc6 20.Kd2 a6 21.Bxf7 Rhf8 22.Rge1 Rxf7
23.Rxe4 Rf5 24.Ke3 b5 25.Be5 g5 26.f4 Raf8 27.axb5 axb5 28.Rc5 gxf4+  1/2-1/2